| 000 | 00799namaa22001811 4500 | ||
|---|---|---|---|
| 001 | 173902 | ||
| 003 | ES-MaACL | ||
| 005 | 20230906215403.0 | ||
| 008 | 100128s1870 sp |||| | spa d | ||
| 040 |
_aSpMaBN _bspa _cCDM |
||
| 100 | 0 |
_aBardan, Federico. _925573 |
|
| 245 | 1 | 0 |
_aSoto, Sotillo y compañía _b: comedia en tres actos / _ctraducida del francés por Don Federico Bardan. |
| 260 |
_aMadrid : _b[s.n.], _c1870 ( _fImpr. de José Rodríguez) |
||
| 300 |
_a70 p. ; _c17 cm. |
||
| 500 | _aEn port.: Estrenada... en el teatro de Lope de Rueda, el 24 de diciembre de 1869. | ||
| 852 |
_aES-MaACL _jF-8627(11) _z.- Enc. pasta española _q.- Falto de la cub. original _z.- Enc. en un vol. facticio formando parte de la col. facticia "Teatro español moderno", vol. 82 |
||
| 999 |
_c173902 _d173902 |
||